Quel film avec Alain Chabat ? - Statistiques

Statistiques générales
  • Ce quiz a été pris 213 fois
  • Le résultat moyen est 7 sur 10
Statistiques - réponses
Description Film % Correct
C'est un chien qui est transformé en homme. Didier
95%
Il joue le rôle d'un empereur romain, qui ne veut pas perdre un pari contre une reine égyptienne. Asterix et Obélix : mission Cléopatre
92%
C'est le guérissologue d'une tribu de Pierre. Rrrrrrr
90%
C'est un garde du corps, qui protège un acteur lors du festival de Canne. La cité de la peur
88%
Film américain avec Ben Stiller, dans lequel il est Napoléon Bonaparte. La nuit au musée 2
71%
Il est le père noël, et doit sauver ses lutins malades. Santa et Cie
66%
Il joue le rôle d'un reporter qui part à la recherche d'un animal "qu'on croit qu'il n'existe pas mais qu'il n'existe". Sur la piste du Marsupilami
65%
Série et film français dans lequel il est le duc d'aquitaine, marié à Géraldine Nakache. Kaamelott
56%
Il joue le rôle de Stanislas de la Tour-Maubourg, l'homme qui va aimer le personnage joué par Gad Elmaleh. Chouchou
53%
Film dans lequel il est surnommé "le grec". Il achète un cheval avec 4 amis et tournent entre Paris et Monaco. Turf
29%
Aucun quiz correspondant
Distribution des résultats
% des personnes avec chaque résultat
Percentile par nombre de réponses
Votre historique - résultats
Vous n’avez pas pris ce quiz